FAO publication titles in print

Gorde:
Xehetasun bibliografikoak
Erakunde egilea: FAO
Formatua: Liburua
Hizkuntza:Undetermined
Argitaratua: Rome 2003
Gaiak:
Etiketak: Etiketa erantsi
Etiketarik gabe, Izan zaitez lehena erregistro honi etiketa jartzen!
Thư viện lưu trữ: Trung tâm Học liệu Trường Đại học Cần Thơ
LEADER 00406nam a2200169Ia 4500
001 CTU_63790
008 210402s9999 xx 000 0 und d
082 |a 016 
082 |b F218 
110 |a FAO 
245 0 |a FAO publication titles in print 
245 0 |c FAO 
260 |a Rome 
260 |c 2003 
650 |a Bibliography 
904 |i Năm 
980 |a Trung tâm Học liệu Trường Đại học Cần Thơ